[Event "RUS IPCA-ch"]
[Site "Nalchik"]
[Date "2014.05.05"]
[Round "5"]
[White "Anfinogenov, Artem"]
[Black "Lozhkin, Yury"]
[Result "1/2-1/2"]
[WhiteElo "2045"]
[BlackElo "2085"]
[PlyCount "60"]
[EventDate "2014.05.01"]
[EventType "swiss"]
[EventRounds "9"]
[EventCountry "RUS"]
[SourceTitle "CBM 160 Extra"]
[Source "ChessBase"]
[SourceDate "2014.07.01"]
[SourceVersion "1"]
[SourceVersionDate "2014.07.01"]
[SourceQuality "1"]

1. d4 Nf6 2. c4 e6 3. Nc3 d5 4. Bg5 Nbd7 5. cxd5 exd5 6. e3 c6 7. Bd3 Be7 8. Nge2 0-0 9. 0-0 Re8 10. Qc2 h6 11. Bh4 Nf8 12. f3 Ne6 13. Bf2 c5 14. Rad1 cxd4 15. Nxd4 Nxd4 16. exd4 Bd7 17. Rfe1 Bd6 18. Rxe8+ Bxe8 19. Bh4 g5 20. Bg3 Bxg3 21. hxg3 Qd6 22. Kf2 Nh5 23. Ne2 Bd7 24. g4 Ng7 25. Ng3 Qf6 26. Bf5 Bxf5 27. Nxf5 Nxf5 28. gxf5 Re8 29. Qd3 Qd6 30. Qd2 Kg7 1/2-1/2

[Event "PriFR-ch Seniors 6th"]
[Site "Samara"]
[Date "2008.03.15"]
[Round "5"]
[White "Fedoseev, Vladimir"]
[Black "Lozhkin, Yury"]
[Result "1-0"]
[WhiteElo "2222"]
[BlackElo "2137"]
[PlyCount "21"]
[EventDate "2008.03.11"]
[EventType "swiss"]
[EventRounds "9"]
[EventCountry "RUS"]
[SourceTitle "EXT 2022"]
[Source "ChessBase"]
[SourceDate "2021.10.06"]
[SourceVersion "1"]
[SourceVersionDate "2021.10.06"]
[SourceQuality "1"]

1. d4 d5 2. c4 e6 3. Nc3 c6 4. e3 Nf6 5. Bd3 Be7 6. Nf3 Nbd7 7. 0-0 0-0 8. e4 dxe4 9. Nxe4 Nxe4 10. Bxe4 Nf6 11. Bc2 1-0

[Event "PriFR-ch Seniors 6th"]
[Site "Samara"]
[Date "2008.03.13"]
[Round "3"]
[White "Kalugin, Yury"]
[Black "Lozhkin, Yury"]
[Result "1/2-1/2"]
[WhiteElo "1944"]
[BlackElo "2137"]
[PlyCount "46"]
[EventDate "2008.03.11"]
[EventType "swiss"]
[EventRounds "9"]
[EventCountry "RUS"]
[SourceTitle "EXT 2022"]
[Source "ChessBase"]
[SourceDate "2021.10.06"]
[SourceVersion "1"]
[SourceVersionDate "2021.10.06"]
[SourceQuality "1"]

1. e4 c6 2. Nf3 d5 3. Nc3 Bg4 4. h3 Bxf3 5. Qxf3 d4 6. Bc4 e6 7. Ne2 a6 8. a4 c5 9. d3 Nc6 10. Qg3 Nf6 11. 0-0 h6 12. f4 Qd7 13. Bd2 g6 14. f5 gxf5 15. Nf4 Ne7 16. Nxe6 fxe6 17. Qe5 Neg8 18. Bf4 fxe4 19. Bg3 Be7 20. Bxe6 Qc6 21. Qf5 Kd8 22. Be5 exd3 23. c3 Rh7 1/2-1/2

[Event "PriFR-ch Seniors 6th"]
[Site "Samara"]
[Date "2008.03.12"]
[Round "2"]
[White "Tereshin, Igor"]
[Black "Lozhkin, Yury"]
[Result "1-0"]
[WhiteElo "2113"]
[BlackElo "2137"]
[PlyCount "95"]
[EventDate "2008.03.11"]
[EventType "swiss"]
[EventRounds "9"]
[EventCountry "RUS"]
[SourceTitle "EXT 2022"]
[Source "ChessBase"]
[SourceDate "2021.10.06"]
[SourceVersion "1"]
[SourceVersionDate "2021.10.06"]
[SourceQuality "1"]

1. e4 c6 2. d4 d5 3. Nc3 g6 4. Be2 Bg7 5. Be3 Qa5 6. Qd2 dxe4 7. Nxe4 Qxd2+ 8. Nxd2 Nf6 9. Nb3 0-0 10. Nf3 Nd5 11. Bd2 Nd7 12. 0-0 e5 13. dxe5 Nxe5 14. Nxe5 Bxe5 15. c3 Bf5 16. f4 Bg7 17. g4 Bc8 18. Bf3 Nb6 19. Rae1 Rd8 20. Rf2 Bf8 21. Kg2 Be6 22. f5 Bd5 23. fxg6 hxg6 24. Bxd5 Rxd5 25. Ref1 Rd7 26. Re1 Nd5 27. Rfe2 Nc7 28. Nd4 c5 29. Nf3 f6 30. h3 Rad8 31. c4 Kf7 32. g5 Bg7 33. Bc3 Re8 34. gxf6 Rxe2+ 35. Rxe2 Bxf6 36. Bxf6 Kxf6 37. Ne5 Rd4 38. Ng4+ Kf7 39. Ne5+ Kg7 40. Rf2 Ne6 41. Rf7+ Kg8 42. Rxb7 g5 43. Rxa7 Rd2+ 44. Kf3 Rxb2 45. Ke4 Re2+ 46. Kf5 Ng7+ 47. Kg6 Ne8 48. Nf7 1-0

[Event "PriFR-ch Seniors"]
[Site "Perm"]
[Date "2007.03.09"]
[Round "9"]
[White "Lozhkin, Yury"]
[Black "Golenev, Robert"]
[Result "1-0"]
[WhiteElo "2137"]
[BlackElo "2087"]
[PlyCount "51"]
[EventDate "2007.03.01"]
[EventType "swiss"]
[EventRounds "9"]
[EventCountry "RUS"]
[SourceTitle "EXT 2022"]
[Source "ChessBase"]
[SourceDate "2021.10.06"]
[SourceVersion "1"]
[SourceVersionDate "2021.10.06"]
[SourceQuality "1"]

1. d4 Nf6 2. c4 g6 3. Nc3 Bg7 4. e4 d6 5. f3 e5 6. d5 Nh5 7. Nge2 0-0 8. Be3 Na6 9. g4 Nf4 10. Nxf4 exf4 11. Bxf4 f5 12. gxf5 gxf5 13. Qd2 Nc5 14. 0-0-0 fxe4 15. fxe4 Bg4 16. Re1 Bf3 17. Rg1 Qf6 18. Be3 Nd7 19. Bh6 Rf7 20. Bh3 Kh8 21. Bxg7+ Rxg7 22. Rxg7 Qxg7 23. Qe3 Bh5 24. Rg1 Qe7 25. Bxd7 Qxd7 26. Qd4+ 1-0